000 00392nam a2200133 i 4500
001 bg
245 0 _aAutomatyzacja procesów technicznego przygotowania produkcji i wytwarzania :
_bmateriały przedkonferencyjne, Rydzyna'88.
260 _aZielona Góra,
_c1987.
040 _cBPK
041 _apol
080 _a658.5:62-5](061.6)
942 _cKS
008 s pl f |000 0 pol
999 _c23938
_d23938